UBT Library

Liberty, equality, power : (Record no. 43626)

000 -LEADER
fixed length control field 00870cam a2200277 a 4500
001 - CONTROL NUMBER
control field 4928570
005 - DATE AND TIME OF LATEST TRANSACTION
control field 20180227082406.0
008 - FIXED-LENGTH DATA ELEMENTS--GENERAL INFORMATION
fixed length control field 950703s1996 txuab b 001 0 eng d
010 ## - LIBRARY OF CONGRESS CONTROL NUMBER
LC control number 95078532
020 ## - INTERNATIONAL STANDARD BOOK NUMBER
International Standard Book Number 0155000365
035 ## - SYSTEM CONTROL NUMBER
System control number (OCoLC)34132776
040 ## - CATALOGING SOURCE
Original cataloging agency NjP
Transcribing agency NjP
Modifying agency DLC
041 ## - LANGUAGE CODE
Language code of text/sound track or separate title eng
042 ## - AUTHENTICATION CODE
Authentication code lccopycat
043 ## - GEOGRAPHIC AREA CODE
Geographic area code n-us---
080 ## - UNIVERSAL DECIMAL CLASSIFICATION NUMBER
Universal Decimal Classification number 973 JOH
082 00 - DEWEY DECIMAL CLASSIFICATION NUMBER
Classification number 973 JOH
Edition number 20
100 ## - Rafti
Rafti 16
101 ## - Shkurtesa
Shkurtesa HIS
245 00 - TITLE STATEMENT
Title Liberty, equality, power :
Statement of responsibility, etc John M. Murrin ... [et al.].
246 30 - VARYING FORM OF TITLE
Title proper/short title History of the American people
504 ## - BIBLIOGRAPHY, ETC. NOTE
Bibliography, etc Includes bibliographical references and index.
906 ## - LOCAL DATA ELEMENT F, LDF (RLIN)
a 7
b cbc
c copycat
d 2
e opcn
f 19
g y-gencatlg
942 ## - ADDED ENTRY ELEMENTS (KOHA)
Source of classification or shelving scheme
Item type Books
Holdings
Withdrawn status Lost status Source of classification or shelving scheme Damaged status Not for loan Collection code Permanent location Current location Shelving location Date acquired Total Checkouts Full call number Barcode Date last seen Price effective from Koha item type
          Koleksioni i përgjithshem UBT - Lipjan UBT - Lipjan Koleksioni i përgjithshem 02/27/2018   973 JOH 002-3000056 02/27/2018 02/27/2018 Books
UBT Library © 2015-2024. All rights reserved University Education for Business and Technology